| 000 | 00706nam a22001817a 4500 | ||
|---|---|---|---|
| 003 | BD-DhUL | ||
| 005 | 20170810135808.0 | ||
| 008 | 160127s2001 ii |||| |||| 00| 0 ben d | ||
| 040 |
_aBD-DhUL _cBD-DhUL |
||
| 082 |
_a891.444 _bCHB |
||
| 100 | 1 | _aচট্টোপাধ্যায়, বাসুদেব | |
| 245 | 0 | 0 |
_aবাংলা, বাঙালি, বাংলাদেশ / _cবাসুদেব চট্টোপাধ্যায় _b |
| 260 |
_aকলকাতা: _bসৃষ্টি, _c২০০১। |
||
| 300 |
_a১১০ পৃ. ; _c২২ সেমি। _b |
||
| 651 | 0 |
_aবাংলা প্রবন্ধ। _x |
|
| 651 | 0 |
_aBengali Articles. _x |
|
| 942 |
_2ddc _cBK |
||
| 999 |
_c198994 _d198994 |
||